| 000 | 00871nam a2200265 a 4500 | ||
|---|---|---|---|
| 001 | 32373 | ||
| 003 | BD-RjUL | ||
| 005 | 20211209051827.0 | ||
| 008 | 140426r19661960stka b 001 0 eng | ||
| 035 | _a(BD-RjUL) | ||
| 035 | _a(BD-RjUL)32462 | ||
| 040 |
_aLC _beng _cLC _dBD-RjUL |
||
| 041 | _aeng | ||
| 082 | 0 | 4 |
_a297 _bDAI 1966 |
| 100 | 1 |
_aDaniel, Norman. _998496 |
|
| 245 | 1 | 0 |
_aIslam and the West : _bthe making of an image / _cNorman Daniel |
| 260 |
_aEdinburgh : _bUniversity Press, _c1960 [reprinted 1966] |
||
| 300 |
_aix, 443 p. : _bill. ; _c23 cm. |
||
| 504 | _aIncludes Bibliography: p. 395-427 and index. | ||
| 650 | 0 |
_aChristianity and other religions _xIslam. _95518 |
|
| 650 | 0 |
_aIslam _xRelations _xChristianity. _95519 |
|
| 942 |
_2ddc _cBK |
||
| 999 |
_c32373 _d32373 |
||